| 000 | 00760nam a22002057a 4500 | ||
|---|---|---|---|
| 999 |
_c7813 _d7813 |
||
| 003 | AR-CdUCM | ||
| 008 | 190321b ||||| |||| 00| 0 spa d | ||
| 040 |
_aMUNICIPALIDAD PROVINCIAL DEL CUSCO _cBIBLIOTECA MUNICIPAL DEL CUSCO |
||
| 082 |
_a194.5 / _bB81 |
||
| 100 |
_aBrachfeld, Oliver _922087 |
||
| 245 | _aLos sentimientos de inferioridad / | ||
| 260 |
_aBarcelona : _bMiracle, _c1959. |
||
| 300 |
_a574 páginas ; _c21 cm. |
||
| 505 | _aContenido : El "Principio de seguridad" y el sentimiento de impotencia -- Historia de un término y de un concepto -- Las teorías de Alfred Adler -- Las minusvalías orgánicas ... | ||
| 650 |
_aPsicologia _91538 |
||
| 650 |
_aInferioridad _922088 |
||
| 650 |
_aHumana _919436 |
||
| 942 |
_2ddc _cLIBROS |
||
| 945 | _arah | ||